| 000 | 01453nam0a22003491 4500 | ||
|---|---|---|---|
| 001 | rc\4399663 | ||
| 005 | 20130416150919.3 | ||
| 021 |
_aRU _b[62-31919] |
||
| 035 | _a(NLR Aleph) 008557831 | ||
| 090 |
_a8446746 _c8446746 |
||
| 100 | _a20130416d1962 |||y0rusy50 ca | ||
| 101 | 1 |
_arus _ceng |
|
| 102 | _aRU | ||
| 105 | _aa z ||||| | ||
| 200 | 1 |
_aЗонд для сбора отложений с высокотемпературных поверхностей нагрева _fПер. О.А. Эфроимсона _gПод ред. Э.С. Карасиной |
|
| 210 |
_aМосква _cБ. и. _d1962 |
||
| 215 |
_a17 с. _cчерт. _d19 |
||
| 225 | 1 |
_a[Энергетика за рубежом] _fГл. энерг. упр. при Госплане СССР "Союзглавэнерго". Оргрэс. БТИ |
|
| 300 | _aСтатья из "Journal of Inst. of fuel", 1961, т. XXXIV, № 246 | ||
| 300 | _aНа обл. авт. не указаны | ||
| 320 | _aБиблиогр.: с. 16-17 (12 назв.) | ||
| 333 | _aИзд. подписное | ||
| 606 |
_aПаровые котлы _xПоверхности нагрева _xЗоловые отложения _2psbo |
||
| 700 | 1 |
_aДжексон _bР. |
|
| 701 | 1 |
_aРаск _bЕ. |
|
| 702 | 1 |
_aЭфроимсон _bО. А. _4730 |
|
| 702 | 1 |
_aКарасина _bЭ. С. _4340 |
|
| 801 | 0 |
_aRU _bNLR _gpsbo |
|
| 801 | 1 |
_aRU _bELAR _2rusmarc |
|
| 852 |
_aNLR _j62-4/8843 |
||
| 942 | _cBOOK | ||
| 980 | _aNB | ||